000 00710nam a2200265Ia 4500
005 20260121170902.0
008 008 260114s9999 xx 000 0 eng d
020 _a9783030030148
037 _aEBOOK
040 _aCRL
040 _beng
040 _cCRL
041 _2eng
041 _aeng
084 _qCRL
100 _aManasawee Kaenampornpan, Rainer Malaka, Duc Dung Nguyen, Nicolas Schwind
_91069361
245 0 _aMulti-disciplinary Trends in Artificial Intelligence
260 _bSpringer
260 _bSpringer
260 _c2018
856 _uhttps://link.springer.com/openurl?genre=book&isbn=978-3-030-03014-8
942 _cEBOOK
999 _c1635091
_d1635091